Vezetési felfogásmódok a közoktatásban

Elmentve itt :
Bibliográfiai részletek
Szerző: Ligetiné Verebély Anna
Dokumentumtípus: Cikk
Megjelent: 1982
Sorozat:Magyar pedagógia : a Magyar Tudományos Akadémia Pedagógiai Bizottságának folyóirata 82 No. 2
Kulcsszavak:Vezetéselmélet közoktatás, Vezetéselmélet
Online Access:http://misc.bibl.u-szeged.hu/13195
LEADER 00715nab a2200181 i 4500
001 misc13195
005 20191106141454.0
008 170607s1982 hu o 0|| hun d
022 |a 0025-0260 
040 |a SZTE Miscellanea Repozitórium  |b hun 
041 |a hun 
100 2 |a Ligetiné Verebély Anna 
245 1 0 |a Vezetési felfogásmódok a közoktatásban  |h [elektronikus dokumentum] /  |c  Ligetiné Verebély Anna 
260 |c 1982 
300 |a 127-140 
490 0 |a Magyar pedagógia : a Magyar Tudományos Akadémia Pedagógiai Bizottságának folyóirata  |v 82 No. 2 
695 |a Vezetéselmélet közoktatás, Vezetéselmélet 
856 4 0 |u http://misc.bibl.u-szeged.hu/13195/1/mp_1982_002_5608_127-140.pdf  |z Dokumentum-elérés